000 00901nam0a22002411 4500
001 v19\rc\1963692
005 20080428182048.6
035 _a(NLR Aleph) 005047163
090 _a6855682
_c6855682
100 _a20080428d1913 |||y0rusy50 ca
101 0 _arus
102 _aRU
105 _ay z |||||
200 1 _aКраткий конспект сочинения И.Я. Чаленко: "Независимость христианского учения о нравственности от этики античных философов. Полтава 1912 г."
_e(Основ. тезисы)
210 _aПолтава
_cЭлектр. тип. Г.И. Маркевича
_d1913
215 _a35 с.
_d24
700 1 _aЧаленко
_bИ. Я.
801 0 _aRU
_bNLR
_gpsbo
801 0 _aRU
_bRuMoRGB
_2psbo
801 1 _aRU
_bProSoft-M
_2rusmarc
852 _aNLR
_j62-7/4671
942 _cBOOK
980 _aNB